Communicative English

Bibliographic Details
Main Author: Hariprasad, Dr. M
Format: Book
Published: New Delhi : Neelkamal (P) Pvt Ltd , 2007
Subjects:

MARC

LEADER 00000cam a2200000 7i4500
001 0000037796
005 20131017.0
008 131017
020 |a 8183160026 
090 0 0 |a 428   |b HAR 
100 1 |a Hariprasad, Dr. M 
245 1 0 |a Communicative English   |c Dr. M. Hariprasad; editor Prof. V. Prakasam 
260 |a New Delhi :   |b Neelkamal (P) Pvt Ltd ,   |c 2007 
650 0 |a English language   |x Study and teaching 
650 0 |a Language and languages   |x Study and teaching 
999 |a 0001244035   |b Book   |c Adult Collection   |e Perbadanan Perpustakaan Awam Johor